Pokémon commençant par W - Statistiques

Statistiques générales
  • Ce quiz a été pris 1 685 fois
    1 430 depuis la dernière actualisation
  • Le résultat moyen est 5 sur 7
Statistiques - réponses
Réponse % Correct
321 Wailord
87%
320 Wailmer
86%
179 Wattouat
84%
871 Wattapik
65%
838 Wagomine
58%
876 Wimessir
52%
891 Wushours
51%
Aucun quiz correspondant
Distribution des résultats
% des personnes avec chaque résultat
Percentile par nombre de réponses
Votre historique - résultats
Vous n’avez pas pris ce quiz depuis la dernière actualisation